| 000 | 00474nam a2200169 i 4500 | ||
|---|---|---|---|
| 001 | bg | ||
| 245 | 0 |
_aStudia z teorii poznania i filozofii wartości : _bpraca zbiorowa / _cpod red. Władysława Stróżewskiego. |
|
| 260 |
_aWrocław, _c1978. |
||
| 650 | 9 | _aTeoria poznania | |
| 650 | 9 |
_aWartość _xfilozofia |
|
| 700 | 1 |
_aStróżewski, Władysław. _eRed. |
|
| 040 | _cBPK | ||
| 041 | _apol | ||
| 080 | _a1 | ||
| 942 | _cKS | ||
| 008 | s pl f |000 0 pol | ||
| 999 |
_c17844 _d17844 |
||
| 856 |
_uhttp://koha.tu.koszalin.pl/cgi-bin/koha/opac-detail.pl?biblionumber=17844 _yKatalog online BPK |
||